Statistics for What countries border Poland?

Click here to take the quiz!

General Stats

  • This quiz has been taken 21 times
  • The average score is 7 of 7

Answer Stats

Answer% Correct
Germany
100%
Russia
100%
Belarus
95%
Slovakia
95%
Lithuania
90%
Ukraine
90%
Czech Republic
80%

Score Distribution

Percentile by Number Answered

Percent of People with Each Score

Your Score History

You have not taken this quiz